| 000 | 00567nam a2200169 a 4500 | ||
|---|---|---|---|
| 001 | 000042835 | ||
| 005 | 20201002040431.0 | ||
| 008 | 140211s1990 sp 001 0 spa d | ||
| 020 | _a8472325105 | ||
| 040 |
_aDO-SdBNP _bspa _cBNPHU |
||
| 100 | 1 |
_aGarcía Gallo, Alfonso. _961550 |
|
| 245 | 1 | 0 |
_aCedulario de Encinas : _bestudio e índices de Alfonso García-Gallo. |
| 260 |
_aMadrid : _bEdiciones de Cultura Hispánica, _c1990. |
||
| 300 |
_a457 p. ; _c33 cm. |
||
| 500 | _aIncluye índice | ||
| 504 | _aIncluye referencias bibliográficas y notas al pie de las pagina | ||
| 999 |
_c42324 _d42324 |
||